Социальная работа: региональный контекст. Вып. 3 (спец. вып.): Гуманистическая профессиональная школа (Запись № 1016887)

Подробности
000 -МАРКЕР
контрольное поле 02022nam2a2200349 4500
001 - ИДЕНТИФИКАТОР ЗАПИСИ
контрольное поле RU\NLR\bibl\1086883
005 - ИДЕНТИФИКАТОР ВЕРСИИ
контрольное поле 20250630112747.0
010 ## - МЕЖДУНАРОДНЫЙ СТАНДАРТНЫЙ НОМЕР КНИГИ (ISBN)
Номер (ISBN) 5-902079-46-2
Тираж 100
021 ## - НОМЕР ГОСУДАРСТВЕННОЙ РЕГИСТРАЦИИ
Код страны Российская Федерация
Номер 2006-16201п
Номер Листа государственной регистраци 606
035 ## - ДРУГИЕ СИСТЕМНЫЕ НОМЕРА
Идентификатор записи (NLR Aleph) 001074043
100 ## - ДАННЫЕ ОБЩЕЙ ОБРАБОТКИ
Данные общей обработки 20070516d2005 |||y0rusy50 ca
101 0# - ЯЗЫК РЕСУРСА
Язык текста, звукозаписи и т.д. русский
102 ## - СТРАНА ПУБЛИКАЦИИ ИЛИ ПРОИЗВОДСТВА
Страна публикации Российская Федерация
105 ## - ПОЛЕ КОДИРОВАННЫХ ДАННЫХ: ТЕКСТОВЫЕ МАТЕРИАЛЫ, МОНОГРАФИЧЕСКИЕ
Кодированные данные о монографическом текстовом документе y |||||||||
200 1# - ЗАГЛАВИЕ И СВЕДЕНИЯ ОБ ОТВЕТСТВЕННОСТИ
Основное заглавие Гуманистическая профессиональная школа
Сведения, относящиеся к заглавию (образ, рефлексия, практическая поддержка и развитие личности)
-- [сборник статей]
210 ## - ПУБЛИКАЦИЯ, РАСПРОСТРАНЕНИЕ И ДР.
Место издания, распространения и т.д. Ставрополь
Имя издателя, распространителя и т. д. Изд-во НОУ "Северо-Кавказский социальный институт"
Дата издания, распространения и т.д. 2005
215 ## - ФИЗИЧЕСКАЯ ХАРАКТЕРИСТИКА
Специфическое обозначение материала и объем 103 с.
Размеры 20
225 1# - СЕРИЯ
Основное заглавие серии Социальная работа: региональный контекст
Сведения, относящиеся к заглавию научно-популярный альманах
Обозначение тома вып. 3: спец. вып.
320 ## - ПРИМЕЧАНИЯ О НАЛИЧИИ В ДОКУМЕНТЕ БИБЛИОГРАФИИ / УКАЗАТЕЛЯ
Текст примечания Библиогр. в конце ст.
461 #0 - УРОВЕНЬ НАБОРА
Встроенное поле 001RU\NLR\INFOCOMM9\5000117095
-- 2001#$aСоциальная работа: региональный контекст$eНауч.-попул. альм.$vВып. 3 (спец. вып.)
Системный номер (АБИС) связанной записи 4065667
Место публикации Ставрополь
Дата публикации 2003-
Имя издателя, распространителя и т.д. Ставрополь сервис школа
Сведения, относящиеся к заглавию Науч.-попул. альм.
Заглавие Социальная работа: региональный контекст
Номер тома Вып. 3 (спец. вып.)
601 02 - НАИМЕНОВАНИЕ ОРГАНИЗАЦИИ КАК ПРЕДМЕТ
Начальный элемент ввода Северо-Кавказский социальный институт
Идентифицирующий признак Ставрополь, город
Формальный подзаголовок Сборники
Тематический подзаголовок Преподавание
Системный номер авторитетной/нормативной записи 2477805
Идентификатор авторитетной/нормативной записи RU\NLR\auth\661471125
606 1# - НАИМЕНОВАНИЕ ТЕМЫ КАК ПРЕДМЕТ
Наименование темы Высшее образование
Формальный подзаголовок Сборники
Тематический подзаголовок Гуманизация
Географический подзаголовок Российская Федерация
Системный номер авторитетной/нормативной записи 2477817
Идентификатор авторитетной/нормативной записи RU\NLR\auth\661471133
686 ## - ИНДЕКСЫ ДРУГИХ КЛАССИФИКАЦИЙ
Индекс Ч489.112я43
686 ## - ИНДЕКСЫ ДРУГИХ КЛАССИФИКАЦИЙ
Индекс Ч481.21я43
801 #0 - ИСТОЧНИК ЗАПИСИ
Страна Российская Федерация
Организация NLR
Дата составления 20070516
Правила каталогизации RCR
801 #1 - ИСТОЧНИК ЗАПИСИ
Страна Российская Федерация
Организация NLR
Дата составления 20070516
852 ## - МЕСТОНАХОЖДЕНИЕ И ШИФР ХРАНЕНИЯ
Идентификатор организации NLR
Шифр хранения (Call Number) П25/443
942 ## - ДОПОЛНИТЕЛЬНЫЕ ЭЛЕМЕНТЫ ЗАПИСИ (АБИС)
Тип экземпляра АБИС Выпуск
980 ## - КОЛЛЕКЦИЯ
Название коллекции Национальная библиография
Экземпляры
Тип экземпляра Дата поступления Библиотека постоянного хранения Библиотека текущего хранения Место хранения Шифр хранения Штрих-код Статус экземпляра
Книга 26.10.2013 РНБ (Московский) РНБ (Московский) Русский журнальный фонд П25/443 1074043-10